000 00555nam a2200181Ia 4500
003 IN-BaIIA
008 211028s9999 xx 000 0 eng d
020 _a0-07-100343-6
040 _cIIA Library
080 _a621.391.89
_bSCH
100 _aSchweber, W. L
_919045
245 0 _aData communications
_bthe study of physics as a liberal art
_cW. L Schweber
260 _aNew York
_bMcGraw-Hill
_c1988
300 _axi, 564p.
650 _aData communications
_911357
650 _aNASA thesaurus
942 _cBK
999 _c11122
_d11122